| 000 | 00436nam a2200145Ia 4500 | ||
|---|---|---|---|
| 003 | OSt | ||
| 005 | 20251128105120.0 | ||
| 008 | 230320s9999||||xx |||||||||||||| ||spa|| | ||
| 040 | _cUMCH | ||
| 082 | _a370.192/C7 | ||
| 100 | _aEscarbajal Frutos, Andrés | ||
| 245 | 0 |
_aComunidades Interculturales Y Democráticas _bUn Trabajo Colaborativo Para Una Sociedad Inclusiva |
|
| 260 |
_bNarcea S. A eDICIONES _aEspaña _c2015 |
||
| 942 |
_cHM _2ddc |
||
| 999 |
_c48537 _d48537 |
||